| 000 | 00954nam0a22002771 4500 | ||
|---|---|---|---|
| 001 | rc\2811802 | ||
| 005 | 20250806210701.0 | ||
| 035 | _a(NLR Aleph) 006937636 | ||
| 090 |
_a18389 _c18389 |
||
| 100 | _a20110915d1944 u y0rusy50 ca | ||
| 101 | 0 | _arus | |
| 102 | _aRU | ||
| 105 | _aa z ||||| | ||
| 200 | 1 |
_aКраткий русско-немецкий разговорник _f[Нем. текст разработ. капитан Е. А. Гофман и мл. лейт. М. Я. Цвилинг] |
|
| 210 |
_a[Москва] _cВоен. изд-во _d1944 |
||
| 215 |
_a56 с. _cил., схем. _d8х11 см. |
||
| 702 | 1 |
_aГофман _bЕ.А. _4570 |
|
| 702 | 1 |
_aЦвилинг _bМ.Я. _4570 |
|
| 801 | 0 |
_aRU _bNLR _gpsbo |
|
| 801 | 1 |
_aRU _bELAR _2rusmarc |
|
| 852 |
_aNLR _j186рус-нем./разг.1944 |
||
| 942 | _cBOOK | ||
| 945 | _aРоссийская национальная библиотека | ||
| 980 | _aNB | ||
| 980 | _aBV | ||